00758nam a2200193Ia 4500003000900000008004100009020001800050040001600068080001900084100002700103245014100130260004400271300001000315490005600325650003200381942000700413999001700420952012700437IN-BaIIA211028s9999 xx 000 0 eng d a3-7186-5798-8 cIIA Library a047.1:524bLYU aLyubarsky, Yu.E921471 0aAstrophysics and spacephysics reviewsbvol. 9, pt. 2, physics of pulsarscYu. E. Lyubarsky  aU.K.bHarwood Academic Publishersc1989 a115p. aAstrophysics and Space Physics Reviews vol 9 part 2 aAstrophysics, Space physics cBK c12279d12279 00104070aBANbBANcGENd1997-10-24g1830.00l0o047.1:524/ LYUp13195r2021-11-05v1830.00w1997-10-24yBKGRs. 1830.00